000 00519nam a22001817a 4500
005 20251108170043.0
008 250721s2003 xx 000 0 ara d
082 1 4 _a811.962/سعد
100 1 _aسعد، محمد أحمد
245 1 0 _aحافظ إبراهيم /
264 1 _aعمان :
_bدار الصفاء للنشر،
_c2003.
300 _a303 ص.
490 0 _aموسوغة روائع الشعر العربي
650 1 7 _aالشعر العربي
650 1 7 _aمصر
942 _2ddc
_cBK
999 _c38521
_d38521